|
|
|
|
| LEADER |
01322nam a22003137a 4500 |
| 001 |
36326 |
| 003 |
BD-DhAAL |
| 005 |
20211130130808.0 |
| 008 |
191002t1995 nyua 000 0 eng d |
| 999 |
|
|
|c 41500
|d 41500
|
| 020 |
|
|
|a 0022761187
|
| 020 |
|
|
|a 9780022761189
|
| 040 |
|
|
|a BD-DhAAL
|
| 082 |
|
|
|a 550.78
|2 22
|
| 245 |
|
|
|a Electrical energy.
|n Grade 4, unit 18 /
|c Mary Atwater ... [et al.].
|
| 260 |
|
|
|a New York :
|b Macmillan/McGraw-Hill School Pub. Co.,
|c c1995
|
| 300 |
|
|
|a 80 pages :
|b illustrations (some color) ;
|c 26 cm.
|
| 490 |
|
|
|a Macmillan/McGraw-Hill science ;
|v unit 18
|
| 526 |
|
|
|a BIED
|
| 541 |
|
|
|a Complimentary copy from BIED
|e 36326
|
| 650 |
|
|
|a Earth sciences
|x Study and teaching (Elementary).
|9 35784
|
| 650 |
|
|
|a Electricity
|x Study and teaching (Elementary).
|9 35785
|
| 650 |
|
|
|a Science
|x Study and teaching (Elementary).
|9 35786
|
| 700 |
|
|
|a Atwater, Mary,
|d 1892-1900.
|9 35787
|
| 710 |
|
|
|a Macmillan/McGraw-Hill School Publishing Company.
|9 35788
|
| 830 |
|
|
|a Macmillan/McGraw-Hill science
|9 35789
|
| 852 |
|
|
|a Ayesha Abed Library
|c BIED Collection
|
| 942 |
|
|
|2 ddc
|c BK
|
| 952 |
|
|
|0 0
|1 0
|2 ddc
|4 0
|6 550_780000000000000_ELE
|7 0
|9 66650
|a BRACUL
|b BRACUL
|c GEN
|d 2019-10-02
|e Complimentary copy from BIED
|l 0
|o 550.78 ELE
|p 3010036326
|r 2019-10-02
|t 1
|w 2019-10-02
|y BK
|x Transferred from BIED to General Stacks
|